| 000 | 00613nam a22002293a 4500 | ||
|---|---|---|---|
| 001 | 77028 | ||
| 003 | BD-RjUL | ||
| 005 | 20211209082922.0 | ||
| 008 | 200216s1964 nju 000 0 und d | ||
| 035 | _aOCLC pks02932808 from D950721K | ||
| 035 | _a(BD-RjUL)77252 | ||
| 040 |
_aEQO _cEQO _beng _dBD-RjUL |
||
| 041 | _aeng | ||
| 082 |
_223 _a794.72 _bCLB 1964 |
||
| 100 | 1 |
_aClifford, William George. _9239415 |
|
| 245 | 1 | 0 |
_aBilliard table games / _cW. G. Clifford. |
| 250 | _arev. ed. | ||
| 260 |
_aLondon: _bWehman Bros, _c1964. |
||
| 300 |
_a64 p.; _c18 cm. |
||
| 650 |
_aBilliards _953207 |
||
| 942 |
_2ddc _cBK |
||
| 999 |
_c77028 _d77028 |
||